Протекционизм и либерализм в международной торговле; Актуальные проблемы гуманитарных наук

Detalles Bibliográficos
Parent link:Актуальные проблемы гуманитарных наук.— 2013.— [С. 199-200]
Autor Principal: Миронова М. С.
Summary:Заглавие с экрана
Idioma:ruso
Publicado: 2013
Series:Таможенное дело: история, теория, современная практика
Subjects:
Acceso en liña:http://www.lib.tpu.ru/fulltext/c/2013/C20/093.pdf
Formato: Electrónico Capítulo de libro
KOHA link:https://koha.lib.tpu.ru/cgi-bin/koha/opac-detail.pl?biblionumber=240122

MARC

LEADER 00000naa2a2200000 4500
001 240122
005 20251208144338.0
035 |a (RuTPU)RU\TPU\book\261370 
035 |a RU\TPU\book\261252 
090 |a 240122 
100 |a 20130619d2013 k y0rusy50 ca 
101 0 |a rus 
102 |a RU 
135 |a drcn ---uucaa 
181 0 |a i  
182 0 |a b 
200 1 |a Протекционизм и либерализм в международной торговле  |f М. С. Миронова 
203 |a Текст  |c электронный 
215 |a 1 файл(292 Кб) 
225 1 |a Таможенное дело: история, теория, современная практика 
300 |a Заглавие с экрана 
320 |a [Библиогр.: с. 200 (7 назв.)] 
337 |a Adobe Reader 
463 1 |0 (RuTPU)RU\TPU\book\259431  |t Актуальные проблемы гуманитарных наук  |o сборник научных трудов ХII Международной научно-практической конференции студентов, аспирантов и молодых ученых 3-6 апреля 2013 г., г. Томск  |f Национальный исследовательский Томский политехнический университет (ТПУ)  |v [С. 199-200]  |d 2013 
610 1 |a электронный ресурс 
610 1 |a труды учёных ТПУ 
610 1 |a протекционизм 
610 1 |a либерализм 
610 1 |a международная торговля 
700 1 |a Миронова  |b М. С. 
801 1 |a RU  |b 63413507  |c 20101016 
801 2 |a RU  |b 63413507  |c 20130619  |g RCR 
856 4 |u http://www.lib.tpu.ru/fulltext/c/2013/C20/093.pdf 
942 |c CF